Statistieken voor Landen die het dichtst bij Bulgarije liggen

Klik hier om de quiz te nemen!

Algemene statistieken

  • Deze quiz is 22 keer genomen
  • De gemiddelde score is 18 van 20

Antwoordstatistieken

kmland% Correct
0Griekenland
100%
0Turkije
100%
148Albanië
95%
175Montenegro
95%
0Noord-Macedonië
95%
0Roemenië
95%
0Servië
95%
221Bosnië en Herzegovina
90%
258Hongarije
90%
315Kroatië
90%
148Oekraïne
90%
358Rusland
90%
535Slovenië
90%
497Slowakije
90%
400Italië
85%
164Moldavië
85%
570Oostenrijk
85%
640Tsjechië
85%
54Kosovo
75%
533Polen
75%

Scoreverdeling

Percentiel versus Aantal Correcte Antwoorden

Procent van Mensen met Elke Score

Uw Scoregeschiedenis

U heeft deze quiz nog niet genomen